书目信息 |
| 题名: |
交通土木工程测量= Highway and civil engineering surveying
|
|
| 作者: | 张坤宜 主编 | |
| 分册: | ||
| 出版信息: | 北京 人民交通出版社 2013.09 |
|
| 页数: | 397页 | |
| 开本: | 20cm | |
| 丛书名: | ||
| 单 册: | ||
| 中图分类: | U412.2-43 | |
| 科图分类: | ||
| 主题词: | 道路工程 | |
| 电子资源: | ||
| ISBN: | 978-7-114-10815-0 | |
| 000 | 00674nam0 2200205 45 | |
| 001 | 2039322747 | |
| 005 | 20201104105650.75 | |
| 010 | @a978-7-114-10815-0@dRMB 48.00 | |
| 100 | @a20201104d2013 km y0chiy0120 ea | |
| 101 | 0 | @achi |
| 102 | @aCN@b110000 | |
| 200 | 1 | @a交通土木工程测量= Highway and civil engineering surveying@Ajiao tong tu mu gong cheng ce liang=Highway and civil engineering surveying@f张坤宜主编@Fzhang kun yi zhu bian |
| 205 | @a4版 | |
| 210 | @a北京@c人民交通出版社@d2013.09 | |
| 215 | @a397页@d20cm | |
| 606 | 0 | @a道路工程 |
| 690 | @aU412.2-43@v4 | |
| 701 | 0 | @a张坤宜@Azhang kun yi@4主编 |
| 801 | 0 | @aCN@bPFT@c20201104 |
| 905 | @a10447@dU412.2-43@eZ138 | |
| 交通土木工程测量= Highway and civil engineering surveying/张坤宜主编.-4版.-北京:人民交通出版社,2013.09 |
| 397页;20cm |
| ISBN 978-7-114-10815-0:RMB 48.00 |
| ● |
| 相关链接 |
|
|
|
正题名:交通土木工程测量= Highway and civil engi
索取号:U412.2-43/Z138
 
预约/预借
| 序号 | 登录号 | 条形码 | 馆藏地/架位号 | 状态 | 备注 |
| 1 | 1501555 | 215015551 | 自科库501/501自科库 51排3列5层/ [索取号:U412.2-43/Z138] | 在馆 |